Super Smash Bros. Ultimate - LumiRank 2023 EU - Statistics

General Stats
  • This quiz has been taken 46 times
  • The average score is 50 of 100
Answer Stats
Rank Character Country Answer % Correct
1 Wario France Glutonny
100%
7 Terry, Ryu, Ken, Kazuya Spain AndresFn
96%
3 Bayonetta UK Bloom4Eva
96%
10 Wario, Steve France crêpe salée
96%
8 Lucina, Chrom France Leon
96%
4 Palutena, Samus France Raflow
96%
2 Samus, Dark Samus, Incineroar Spain Sisqui
96%
5 Greninja, Kazuya Germany Tarik
96%
6 Luigi Canada Luugi
92%
17 Pichu France NaetorU
92%
9 Young Link Netherlands Supahsemmie
92%
16 Ridley France Mezcaul
88%
20 Wolf, Mario France Oryon
88%
11 Samus Germany quiK
88%
13 Sora, Greninja Morocco Raarchyor
88%
14 Roy, Toon Link France Flow
83%
25 Mii Brawler, Fox France KID
83%
22 Roy, Chrom Finland Lancelot
79%
23 Pac-Man France MoDzai
79%
30 Sheik Netherlands Mr.R
79%
27 Sephiroth Italy M4E
75%
18 Sonic, Mii Brawler UK Peli
75%
12 Pyra & Mythra, Inkling Netherlands Space
75%
15 Steve Sweden big chungus
71%
28 Isabelle Switzerland Jaka
71%
35 Lucas France Nitox
71%
37 R.O.B. Germany Longo
67%
41 Pikachu, Palutena France Neeroz
67%
62 Min Min, Ness France PeW
67%
42 Fox, Wolf France RyuKai
67%
79 Samus Netherlands Muk
63%
19 Bowser Germany Mukuro~
63%
33 Megaman France TriM
63%
52 Palutena, Diddy Kong France Eko
58%
29 Steve UK MazeBeans
58%
69 Captain Falcon France Ogey
58%
47 Steve, Joker France Artsnif
54%
49 Byleth Switzerland Deox6
54%
54 Bowser, Steve France Gogesta
54%
24 Zelda France Naskino
54%
43 Rosalina Netherlands SOLO
54%
96 Steve France Susu
54%
36 Mario Germany Youssef
54%
31 Sonic Belgium Clement
50%
51 Young Link France Draver
50%
84 Pichu Germany drybie
50%
50 Steve Germany Ente
50%
45 Shulk Netherlands Ramses
50%
32 Luigi France Réhann
50%
92 Link France VinS
50%
99 Yoshi France Bac
46%
46 Cloud UK CurryGovernor
46%
57 Terry UK Darkstalker
46%
86 Rosalina, Sonic France Homika
46%
66 Kirby UK Kirb0
46%
72 Fox, Luigi France Momon
46%
60 Samus, Dark Samus France Spectral
46%
39 R.O.B. Spain Vidad
46%
56 Wolf, Jigglypuff France Gin
42%
97 Link France Otakuni
42%
98 Snake France Tomberry
42%
65 Snake France Astrat
38%
63 Palutena France Etish
38%
44 Wolf, Palutena Spain Pepo
38%
38 Yoshi, Wolf, Mii Gunner Sweden THE SCHMIXTAPE
38%
61 Snake, Min Min Spain Vongola
38%
26 Cloud, Sephiroth Netherlands Azrael
33%
71 Wii Fit Trainer Spain HDTrainer
33%
34 Bayonetta, Sephiroth, Sora UK OwlBBs
33%
48 Snake Germany Tapsy
33%
40 Cloud, Donkey Kong, Bowser Netherlands Zemmol
33%
21 Mr. Game & Watch Germany Ady
29%
70 Terry Switzerland Destany
29%
82 Pichu, Rosalina France Dizay
29%
64 Falco Netherlands elitetweet
29%
87 Hero Denmark +HOPE+
29%
53 Olimar Spain Perla
29%
81 Duck Hunt Austria SkWirrel
29%
59 Fox UK Streakz
29%
77 Dr. Mario France Winder
29%
68 Young Link UK Kendrick Olimar
25%
91 Min Min France Polochon
25%
55 Falco, Roy France SKIPPER
25%
95 Bowser Jr., Kazuya Germany Snormanda
25%
83 Inkling Spain Utop-ian
25%
80 Pac-Man Germany Pac-Slash
21%
75 Peach Germany RobinGG
21%
74 Zero Suit Samus Germany Sirjon
21%
90 Joker Switzerland DeepFreeze
17%
73 Snake France Fox 2
17%
78 Snake Netherlands BeJay
13%
58 R.O.B. UK Jezo
13%
89 Diddy Kong Spain MVL
13%
85 Pyra & Mythra, Palutena Ireland Selkie
13%
67 Palutena Spain ElSantoGTZ
8%
94 Wario Germany Slipknot
8%
88 Donkey Kong UK Wombat
8%
100 Snake Sweden KP
4%
93 Greninja UK Prinplup
4%
76 Bowser Austria Sandor
0%
No matching quizzes found
Score Distribution
Percent of People with Each Score
Percentile by Number Answered
Your Score History
You have not taken this quiz